000 00413nam a2200145Ia 4500
008 220217s9999||||xx |||||||||||||| ||und||
020 _a9789380501932
082 _a004.65 PET
100 _aPeterson, Larry, L and Davie, Bruce, S
_93406
245 0 _aComputer networks
250 _a5
260 _aMorgan kaufmann publishers
_bNew Delhi
_c2012
300 _aXXXI, 884p.
_b575
650 _aCOMPUTER NETWORK
999 _c187685
_d187685